Statistics for Coat of Arms of UN Member States

Click here to take the quiz!

General Stats

  • This quiz has been taken 215 times
  • The average score is 13 of 20

Answer Stats

Answer% Correct
Albania
100%
Angola
100%
Argentina
100%
Austria
100%
Barbados
100%
Belarus
100%
Belize
100%
Benin
100%
Bhutan
100%
Bosnia and Herzegovina
100%
Botswana
100%
Burkina Faso
100%
Cameroon
100%
Canada
100%
Cape Verde
100%
China
100%
Colombia
100%
Comoros
100%
Croatia
100%
Cyprus
100%
Dominican Republic
100%
Ecuador
100%
Egypt
100%
El Salvador
100%
Germany
100%
Ghana
100%
Guinea-Bissau
100%
Iceland
100%
Iran
100%
Israel
100%
Italy
100%
Japan
100%
Kenya
100%
Lebanon
100%
Liechtenstein
100%
Lithuania
100%
Luxembourg
100%
Madagascar
100%
Malawi
100%
Maldives
100%
Mali
100%
Marshall Islands
100%
Mauritania
100%
Morocco
100%
Mozambique
100%
Namibia
100%
Nepal
100%
New Zealand
100%
Niger
100%
Pakistan
100%
Palau
100%
Panama
100%
Philippines
100%
Poland
100%
Qatar
100%
Rwanda
100%
Saint Vincent and the Grenadines
100%
Samoa
100%
San Marino
100%
Singapore
100%
Slovakia
100%
Slovenia
100%
Somalia
100%
South Korea
100%
South Sudan
100%
Spain
100%
Switzerland
100%
Tajikistan
100%
Tanzania
100%
Tonga
100%
Turkey
100%
Turkmenistan
100%
United Arab Emirates
100%
Uruguay
100%
Uzbekistan
100%
Vietnam
100%
Guatemala
83%
Paraguay
83%
Peru
83%
East Timor
80%
Kuwait
80%
North Korea
80%
Syria
80%
Tunisia
80%
Azerbaijan
75%
Bolivia
75%
Bulgaria
75%
Czech Republic
75%
Djibouti
75%
Eritrea
75%
Honduras
75%
Kiribati
75%
Liberia
75%
Mongolia
75%
North Macedonia
75%
Tuvalu
75%
United States
75%
Zambia
75%
Afghanistan
67%
Bahamas
67%
Brunei
67%
Ethiopia
67%
Finland
67%
Greece
67%
Haiti
67%
Jordan
67%
Nicaragua
67%
Serbia
67%
Seychelles
67%
United Kingdom
67%
Central African Republic
60%
Moldova
60%
Monaco
60%
Portugal
60%
Thailand
60%
Antigua and Barbuda
50%
Australia
50%
Bangladesh
50%
Chile
50%
Dominica
50%
Equatorial Guinea
50%
Estonia
50%
Eswatini
50%
Federated States of Micronesia
50%
France
50%
Guinea
50%
Ivory Coast
50%
Malaysia
50%
Myanmar
50%
Nauru
50%
Papua New Guinea
50%
Saint Lucia
50%
Saudi Arabia
50%
Solomon Islands
50%
Sweden
50%
Trinidad and Tobago
50%
Uganda
50%
Ukraine
50%
Zimbabwe
50%
Libya
43%
Cambodia
40%
Hungary
33%
Laos
33%
Montenegro
33%
Nigeria
33%
Senegal
33%
Sierra Leone
33%
South Africa
33%
Togo
33%
Vanuatu
29%
Venezuela
29%
Grenada
25%
Kazakhstan
25%
Kyrgyzstan
25%
Mauritius
25%
Netherlands
25%
Oman
25%
Yemen
25%
Jamaica
22%
Georgia
20%
Indonesia
20%
Algeria
0%
Andorra
0%
Armenia
0%
Bahrain
0%
Belgium
0%
Brazil
0%
Burundi
0%
Chad
0%
Costa Rica
0%
Cuba
0%
Democratic Republic of the Congo
0%
Denmark
0%
Fiji
0%
Gabon
0%
Gambia
0%
Guyana
0%
India
0%
Iraq
0%
Ireland
0%
Latvia
0%
Lesotho
0%
Malta
0%
Mexico
0%
Norway
0%
Republic of the Congo
0%
Romania
0%
Russia
0%
Saint Kitts and Nevis
0%
São Tomé and Príncipe
0%
Sri Lanka
0%
Sudan
0%
Suriname
0%

Score Distribution

Percentile by Number Answered

Percent of People with Each Score

Your Score History

You have not taken this quiz